Методика подготовки подмастера ватерных машин. Кн. 3: Специально монтажная подготовка ватерных машин (Запись № 13599686)
[ простой вид ]
| 000 -МАРКЕР | |
|---|---|
| контрольное поле | 01668nam2a2200241 4500 |
| 001 - ИДЕНТИФИКАТОР ЗАПИСИ | |
| контрольное поле | rc\2940854 |
| 005 - ИДЕНТИФИКАТОР ВЕРСИИ | |
| контрольное поле | 20260315055743.0 |
| 035 ## - ДРУГИЕ СИСТЕМНЫЕ НОМЕРА | |
| Идентификатор записи | (NLR Aleph) 007089669 |
| 100 ## - ДАННЫЕ ОБЩЕЙ ОБРАБОТКИ | |
| Данные общей обработки | 20110824d1935 u y0rusy50 ca |
| 101 0# - ЯЗЫК РЕСУРСА | |
| Язык текста, звукозаписи и т.д. | русский |
| 102 ## - СТРАНА ПУБЛИКАЦИИ ИЛИ ПРОИЗВОДСТВА | |
| Страна публикации | Российская Федерация |
| 105 ## - ПОЛЕ КОДИРОВАННЫХ ДАННЫХ: ТЕКСТОВЫЕ МАТЕРИАЛЫ, МОНОГРАФИЧЕСКИЕ | |
| Кодированные данные о монографическом текстовом документе | a z ||||| |
| 200 1# - ЗАГЛАВИЕ И СВЕДЕНИЯ ОБ ОТВЕТСТВЕННОСТИ | |
| Основное заглавие | Специально монтажная подготовка ватерных машин |
| Сведения, относящиеся к заглавию | Утв. ГУУЗ НКЛП СССР в качестве учеб. пособия для ватерных подмастеров |
| Первые сведения об ответственности | Инж. В.Д. Соболев |
| 210 ## - ПУБЛИКАЦИЯ, РАСПРОСТРАНЕНИЕ И ДР. | |
| Дата издания, распространения и т.д. | 1935 |
| 215 ## - ФИЗИЧЕСКАЯ ХАРАКТЕРИСТИКА | |
| Специфическое обозначение материала и объем | Пер., 300, [4] с. |
| Другие сведения о физической характеристике | ил., черт. |
| Размеры | 22х16 см |
| Сопроводительный материал | [6] л. отд. сбр. черт. |
| 461 #0 - УРОВЕНЬ НАБОРА | |
| Встроенное поле | 001rc\2940851 |
| -- | 2001#$aМетодика подготовки подмастера ватерных машин$eУтв. ГУУЗ НКЛП СССР в качестве учеб. пособия для подмастеров ватерного цеха. Кн. 1-$fОтв. исполнитель инж. В.Д. Соболев ...$gЦентр. науч.-исслед. ин-т труда легкой пром-сти. Цитлегпром$vКн. 3 |
| Системный номер (АБИС) связанной записи | 6560921 |
| Место публикации | Москва |
| Дата публикации | 1934-1935 |
| Первые сведения об ответственности | Отв. исполнитель инж. В.Д. Соболев ... |
| Имя издателя, распространителя и т.д. | Гизлегпром |
| Сведения, относящиеся к заглавию | Утв. ГУУЗ НКЛП СССР в качестве учеб. пособия для подмастеров ватерного цеха. Кн. 1- |
| Заглавие | Методика подготовки подмастера ватерных машин |
| Номер тома | Кн. 3 |
| 700 #1 - ИМЯ ЛИЦА - ПЕРВИЧНАЯ ОТВЕТСТВЕННОСТЬ | |
| Начальный элемент ввода | Соболев |
| Часть имени, кроме начального элемента ввода | В.Д. |
| 801 #0 - ИСТОЧНИК ЗАПИСИ | |
| Страна | Российская Федерация |
| Организация | NLR |
| Правила каталогизации | psbo |
| 801 #1 - ИСТОЧНИК ЗАПИСИ | |
| Страна | Российская Федерация |
| Организация | ELAR |
| Источник данных | rusmarc |
| 852 ## - МЕСТОНАХОЖДЕНИЕ И ШИФР ХРАНЕНИЯ | |
| Идентификатор организации | NLR |
| Шифр хранения (Call Number) | 34-18/970(3) |
| 942 ## - ДОПОЛНИТЕЛЬНЫЕ ЭЛЕМЕНТЫ ЗАПИСИ (АБИС) | |
| Тип экземпляра АБИС | Неопределено |
| 980 ## - КОЛЛЕКЦИЯ | |
| Название коллекции | Национальная библиография |
Нет доступных экземпляров.